000 00388nam a2200145Ia 4500
008 230917s9999||||xx |||||||||||||| ||und||
040 _e47730
_aMAIN
041 _aEnglish
082 _a843.5 S42S:S
100 _aStrickland, Geoffrey
245 0 _aStendhal: the education of a novelist
260 _aCambridge
_bCambridge University Press
_c1974
300 _aix, 301 p.
942 _cBK
999 _c226180
_d226180